| 000 | 00489cam a2200181ua 4500 | ||
|---|---|---|---|
| 020 |
_a81 203 1384 4 _c295.00 |
||
| 041 |
_aeng _h |
||
| 082 |
_a005.133 _bLIA/IN |
||
| 100 | _aLiang , Y Danniel . | ||
| 245 |
_aIntroduction to JAVA programming / _cY Danniel Liang. _hTextual Documents |
||
| 250 |
_a1 / _b. |
||
| 260 |
_aNew Delhi : _bPrentice Hall of India Pvt Ltd. , _c2001. |
||
| 300 | _a598 ; . | ||
| 365 | _a295.00 | ||
| 504 | _a | ||
| 942 | _cBK | ||
| 999 |
_c9581 _d9581 |
||